[Event "FISU World University-ch 2020"]
[Site "Online"]
[Date "2020.10.26"]
[Round "6.2"]
[White "Michelle Catherina, P."]
[Black "Mohd Saprin, Amir Ghaazi"]
[Result "1/2-1/2"]
[WhiteElo "2176"]
[BlackElo "1951"]
[Annotator "TA"]
[PlyCount "127"]
[EventDate "2020.10.26"]
[SourceTitle "playchess.com"]
[Source "ChessBase"]
[SourceQuality "1"]

1. e4 e5 2. Nc3 Nf6 3. g3 Nc6 4. Bg2 Bc5 5. Nge2 a6 6. d3 d6 7. h3 O-O 8. O-O Kh8 9. Kh2 Ng8 10. f4 f5 11. exf5 exf4 12. Bxf4 Bxf5 13. d4 Ba7 14. Nd5 Qd7 15. Qd2 Rae8 16. c3 Be4 17. Rae1 Bxg2 18. Kxg2 Nce7 19. Nxe7 Nxe7 20. Nc1 Ng6 21. Nd3 d5 22. Bg5 c6 23. h4 Bb8 24. Rxf8+ Rxf8 25. Qe2 Qf5 26. a4 h6 27. Bc1 Bd6 28. h5 Ne7 29. Bf4 Bxf4 30. Nxf4 Rf7 31. a5 Kh7 32. Qe3 Qg5 33. Kh2 Nf5 34. Qd3 Kg8 35. Re8+ Kh7 36. Re5 Qg4 37. Kg2 Kg8 38. Re8+ Rf8 39. Rxf8+ Kxf8 40. Ng6+ Ke8 41. Nf4 Kd7 42. Kf2 Nd6 43. Kg2 Ne4 44. c4 Nf6 45. Qb3 Kc8 46. cxd5 Nxd5 47. Nxd5 Qe4+ 48. Kf2 cxd5 49. Qc3+ Kd7 50. Qb3 Kc8 51. Qc3+ Kd7 52. Qb4 Qc2+ 53. Ke3 Qc1+ 54. Kf3 Qf1+ 55. Kg4 Qd1+ 56. Kf4 Qc1+ 57. Kf3 Qf1+ 58. Kg4 Qd1+ 59. Kh4 Qh1+ 60. Kg4 Qd1+ 61. Kh4 Qh1+ 62. Kg4 Qd1+ 63. Kh4 Qh1+ 64. Kg4 1/2-1/2

[Event "FISU World University-ch 2020"]
[Site "Online"]
[Date "2020.10.26"]
[Round "6.2"]
[White "Sivanesan, Subramanian"]
[Black "Senthil Maran K"]
[Result "1/2-1/2"]
[WhiteElo "1977"]
[BlackElo "2246"]
[Annotator "ChessBase"]
[PlyCount "61"]
[EventDate "2020.10.26"]
[SourceTitle "playchess.com"]
[Source "ChessBase"]
[SourceQuality "1"]

1. e4 c6 2. d4 d5 3. e5 Bf5 4. Nf3 e6 5. Be2 Ne7 6. O-O c5 7. c3 Nec6 8. Nbd2 Nd7 9. Re1 Be7 10. a3 O-O 11. Nf1 a5 12. Ne3 Bg6 13. Bd3 cxd4 14. cxd4 Qb6 15. Bxg6 hxg6 16. Ng4 a4 17. Qd3 Rfc8 18. Bg5 Bxg5 19. Nxg5 Qxd4 20. Qf3 Ncxe5 21. Nxe5 Nxe5 22. Rxe5 Qxe5 23. Qxf7+ Kh8 24. Qxg6 Kg8 25. Qf7+ Kh8 26. Qh5+ Kg8 27. Qf7+ Kh8 28. Qh5+ Kg8 29. Qf7+ Kh8 30. Qh5+ Kg8 31. Qf7+ 1/2-1/2

[Event "FISU World University-ch 2020"]
[Site "Online"]
[Date "2020.10.26"]
[Round "6.3"]
[White "Zarubitski, Viachaslau"]
[Black "Akhmetov, Ayan"]
[Result "1-0"]
[WhiteElo "2442"]
[BlackElo "2438"]
[Annotator "TA"]
[PlyCount "83"]
[EventDate "2020.10.26"]
[SourceTitle "playchess.com"]
[Source "ChessBase"]
[SourceQuality "1"]

1. Nf3 d6 2. c4 e5 3. Nc3 f5 4. d3 Nf6 5. g3 h6 6. Bg2 g5 7. b4 Bg7 8. Qc2 Nc6 9. b5 Ne7 10. a4 Ng6 11. Nd2 O-O 12. Bb2 Rb8 13. a5 Be6 14. a6 b6 15. Nd5 Qd7 16. Nb4 Ne7 17. Nb1 f4 18. Nc3 Bh3 19. Bf3 g4 20. Be4 Nxe4 21. dxe4 h5 22. Qd3 Bh6 23. Ncd5 fxg3 24. hxg3 Ng6 25. Nc6 Qf7 26. Rh2 Ra8 27. Bc1 Bxc1 28. Rxc1 Qg7 29. Qe3 Rf7 30. Qg5 h4 31. gxh4 Nf4 32. Nce7+ Kh7 33. Qxg7+ Rxg7 34. Nf5 Rf7 35. Kd2 Ne6 36. Rg1 Rg8 37. Ke3 Nc5 38. Rg3 Rgf8 39. f3 Rg8 40. Rh1 Rff8 41. Rhg1 gxf3 42. Rxg8 1-0

[Event "FISU World University-ch 2020"]
[Site "Online"]
[Date "2020.10.26"]
[Round "6.3"]
[White "Mezentsev, Ivan"]
[Black "Nikitenko, Mihail"]
[Result "1/2-1/2"]
[WhiteElo "2354"]
[BlackElo "2436"]
[Annotator "TA"]
[PlyCount "130"]
[EventDate "2020.10.26"]
[SourceTitle "playchess.com"]
[Source "ChessBase"]
[SourceQuality "1"]

1. Nf3 Nf6 2. c4 c6 3. Nc3 d5 4. e3 e6 5. b3 Nbd7 6. Bb2 b6 7. d4 Bb7 8. Bd3 Bd6 9. O-O O-O 10. Qc2 Qe7 11. e4 dxe4 12. Bxe4 Nxe4 13. Nxe4 Bf4 14. Rfe1 f5 15. Ng3 Rae8 16. Rad1 Qf7 17. c5 Nf6 18. Ba3 b5 19. Bc1 Bc7 20. Ne2 Nd5 21. Nc3 Bc8 22. Ne5 Bxe5 23. Rxe5 Nf6 24. Ree1 Qh5 25. Bf4 g5 26. Bd6 Rf7 27. Qe2 Qg6 28. b4 f4 29. f3 h5 30. Be5 Nd5 31. Ne4 Rh7 32. Nd6 Rf8 33. Qe4 Rh6 34. a3 Bd7 35. Ra1 a5 36. bxa5 Ra8 37. Qxg6+ Rxg6 38. a4 b4 39. Nc4 Be8 40. h3 g4 41. hxg4 hxg4 42. fxg4 Rxg4 43. Kf2 Bg6 44. Rh1 Kf7 45. Rh8 Ra6 46. Rah1 Ke7 47. Rb8 Ra7 48. Bd6+ Kf6 49. Rf8+ Kg5 50. Ne5 Rg3 51. Rg8 Kf5 52. Rf8+ Ke4 53. Nxc6 Rg7 54. a6 Be8 55. Rxe8 Rxg2+ 56. Ke1 Rb2 57. Rxe6+ Kd3 58. Ne5+ Kc3 59. Rh3+ Ne3 60. Rxe3+ fxe3 61. Nf3 Kd3 62. Ne5+ Kxd4 63. Nf3+ Kd3 64. Ne5+ Kc3 65. Nf3 Kd3 1/2-1/2

[Event "FISU World University-ch 2020"]
[Site "Online"]
[Date "2020.10.26"]
[Round "6.3"]
[White "Ivannikau, Maksim"]
[Black "Rakhimzhan, Alen"]
[Result "1/2-1/2"]
[WhiteElo "2224"]
[BlackElo "2273"]
[Annotator "TA"]
[PlyCount "175"]
[EventDate "2020.10.26"]
[SourceTitle "playchess.com"]
[Source "ChessBase"]
[SourceQuality "1"]

1. Nf3 Nf6 2. g3 g6 3. Bg2 Bg7 4. O-O O-O 5. d3 d5 6. Nc3 d4 7. Na4 Nc6 8. c4 Re8 9. a3 a5 10. e4 dxe3 11. Bxe3 Ng4 12. Qd2 Nxe3 13. fxe3 e5 14. Nc3 f5 15. Rad1 Be6 16. Qe2 Kh8 17. Kh1 Qd7 18. Rd2 Rad8 19. Rfd1 h6 20. d4 exd4 21. exd4 Qf7 22. b3 a4 23. Nxa4 b5 24. Nc5 Bxc4 25. Qf2 Bd5 26. b4 Ra8 27. Nh4 Bxg2+ 28. Qxg2 Nxd4 29. h3 Rxa3 30. Rxd4 Bxd4 31. Rxd4 Qf6 32. Rd2 g5 33. Nf3 Qc6 34. Nd4 Re1+ 35. Kh2 Qxg2+ 36. Kxg2 f4 37. gxf4 gxf4 38. Nd3 Re4 39. Nxb5 Ra1 40. Nxc7 Rb1 41. Nd5 Rd4 42. N5xf4 Rbxb4 43. Kf3 Rd8 44. Ra2 Rb3 45. Ke4 Re8+ 46. Kf5 Rb5+ 47. Kg4 Rg8+ 48. Kf3 Rbg5 49. Ra6 Kh7 50. Rd6 Rg3+ 51. Ke4 Re8+ 52. Ne5 Rg5 53. Rd5 Rg1 54. h4 Re1+ 55. Kd4 Rd1+ 56. Ned3 Rg1 57. h5 Rg5 58. Rd7+ Rg7 59. Rd6 Ra8 60. Nd5 Ra4+ 61. Ke5 Rg5+ 62. Kf6 Rxh5 63. N3f4 Rxd5 64. Nxd5 Ra7 65. Nf4 h5 66. Nxh5 Ra1 67. Kf7 Ra7+ 68. Kf6 Ra1 69. Ng3 Kh6 70. Kf5+ Kh7 71. Ne4 Rf1+ 72. Kg5 Rg1+ 73. Kf5 Rf1+ 74. Ke5 Re1 75. Rf6 Kg7 76. Rf4 Ra1 77. Rg4+ Kf8 78. Ke6 Ra6+ 79. Nd6 Ra1 80. Rf4+ Kg7 81. Nf5+ Kg6 82. Rg4+ Kh5 83. Rd4 Kg5 84. Nd6 Re1+ 85. Kd5 Ra1 86. Rd2 Ra5+ 87. Ke6 Kf4 88. Rd4+ 1/2-1/2

[Event "FISU World University-ch 2020"]
[Site "Online"]
[Date "2020.10.26"]
[Round "6.4"]
[White "Radovanovic, Mihajlo"]
[Black "Agibileg, Uurtsaikh"]
[Result "1/2-1/2"]
[WhiteElo "2457"]
[BlackElo "2413"]
[Annotator "TA"]
[PlyCount "127"]
[EventDate "2020.10.26"]
[SourceTitle "playchess.com"]
[Source "ChessBase"]
[SourceQuality "1"]

1. d4 Nf6 2. Bf4 g6 3. Nc3 d5 4. e3 Bg7 5. h4 O-O 6. h5 c5 7. hxg6 hxg6 8. Nf3 Nc6 9. Ne5 cxd4 10. exd4 Qb6 11. Nxc6 bxc6 12. Qd2 Nh5 13. Be3 f5 14. g3 Qxb2 15. Rb1 Qa3 16. Rb3 Qa5 17. Be2 Nf6 18. Bh6 Bxh6 19. Rxh6 Kf7 20. Kf1 Ba6 21. Qg5 Rg8 22. Kg2 Rg7 23. Bxa6 Qxa6 24. Nd1 Qe2 25. Rh1 Qxc2 26. Rb7 Qe4+ 27. f3 Qxd4 28. Nf2 Qe5 29. Qd2 Qd6 30. Nh3 Kg8 31. Ng5 e5 32. Rxg7+ Kxg7 33. Rb1 Rb8 34. Ne6+ Kf7 35. Ng5+ Ke7 36. Rxb8 Qxb8 37. Qc3 Qc7 38. Qc5+ Qd6 39. Qxa7+ Nd7 40. Qa8 d4 41. Qg8 Qf6 42. Qh7+ Kd8 43. Qg8+ Kc7 44. Ne6+ Kd6 45. Ng7 Kc5 46. Ne6+ Kb6 47. Qe8 Nc5 48. Qb8+ Nb7 49. Qc7+ Ka6 50. Qxc6+ Ka7 51. Qa4+ Kb8 52. Qd7 e4 53. Nxd4 exf3+ 54. Kxf3 Qh8 55. Kg2 Ka7 56. a4 Ka8 57. Qd5 Qd8 58. Qc4 Qd7 59. Qa6+ Kb8 60. Qc4 Ka8 61. Qa6+ Kb8 62. Qc4 Ka8 63. Qa6+ Kb8 64. Qc4 1/2-1/2

[Event "FISU World University-ch 2020"]
[Site "Online"]
[Date "2020.10.26"]
[Round "6.4"]
[White "Garidmagnai, Byambasuren"]
[Black "Djordjevic, Vuk"]
[Result "0-1"]
[WhiteElo "2369"]
[BlackElo "2347"]
[Annotator "TA"]
[PlyCount "110"]
[EventDate "2020.10.26"]
[SourceTitle "playchess.com"]
[Source "ChessBase"]
[SourceQuality "1"]

1. d4 Nf6 2. c4 e6 3. Nc3 Bb4 4. Qc2 O-O 5. a3 Bxc3+ 6. Qxc3 Ne4 7. Qc2 f5 8. Nf3 b6 9. g3 Bb7 10. Bg2 Nf6 11. O-O Be4 12. Qc3 d6 13. Re1 Qe8 14. Ng5 Bxg2 15. Kxg2 h6 16. Nh3 Qc6+ 17. f3 Nbd7 18. Nf2 Rf7 19. b4 b5 20. c5 Nb6 21. Qb3 Nc4 22. a4 a6 23. Nd3 Nd5 24. Nb2 Nxb2 25. Bxb2 f4 26. Bc1 g5 27. Qd3 Kg7 28. axb5 axb5 29. Rxa8 Qxa8 30. Qxb5 Qa1 31. Bd2 Qxd4 32. Qd3 Qxd3 33. exd3 Kf6 34. gxf4 gxf4 35. Rc1 e5 36. b5 Ke6 37. Kf2 Rf8 38. cxd6 cxd6 39. Rb1 Kd7 40. Rg1 Rb8 41. Rg7+ Ne7 42. Rh7 Rxb5 43. Rxh6 Rb2 44. Ke1 Nf5 45. Rh7+ Ke6 46. Kd1 Rb3 47. Rh8 Nd4 48. Rh6+ Kd5 49. Ba5 Rxd3+ 50. Ke1 Re3+ 51. Kf2 Rxf3+ 52. Kg2 Rb3 53. h4 f3+ 54. Kf2 Rb2+ 55. Kf1 Nf5 0-1

[Event "FISU World University-ch 2020"]
[Site "Online"]
[Date "2020.10.26"]
[Round "6.4"]
[White "Velikic, Adela"]
[Black "Uuriintuya, Uurtsaikh"]
[Result "0-1"]
[WhiteElo "2259"]
[BlackElo "2288"]
[Annotator "ChessBase"]
[PlyCount "56"]
[EventDate "2020.10.26"]
[SourceTitle "playchess.com"]
[Source "ChessBase"]
[SourceQuality "1"]

1. d4 Nf6 2. c4 g6 3. Nc3 Bg7 4. e4 d6 5. h3 O-O 6. Be3 e5 7. d5 Na6 8. Bd3 Nc5 9. Bc2 a5 10. Nge2 c6 11. dxc6 bxc6 12. Qd2 Be6 13. Rd1 Nb7 14. b3 Qe7 15. g4 Rfd8 16. g5 Nh5 17. Ng3 Nf4 18. Bb6 Rf8 19. h4 f6 20. gxf6 Qxf6 21. h5 Bh3 22. hxg6 Qxg6 23. Rh2 h5 24. Be3 Ng2+ 25. Ke2 Qg4+ 26. Kd3 Nf4+ 27. Bxf4 Nc5+ 28. Ke3 exf4# 0-1

[Event "FISU World University-ch 2020"]
[Site "Online"]
[Date "2020.10.26"]
[Round "6.5"]
[White "Campos Jimenez, Augusto Cesar"]
[Black "Molenda, Marcin"]
[Result "1-0"]
[WhiteElo "2353"]
[BlackElo "2349"]
[Annotator "TA"]
[PlyCount "102"]
[EventDate "2020.10.26"]
[SourceTitle "playchess.com"]
[Source "ChessBase"]
[SourceQuality "1"]

1. e4 c6 2. d4 d5 3. exd5 cxd5 4. Nf3 Nc6 5. Ne5 Nxe5 6. dxe5 a6 7. Bd3 g6 8. O-O Bg7 9. Qe2 Nh6 10. Nd2 O-O 11. h3 Bf5 12. Nf3 Bxd3 13. cxd3 Nf5 14. g4 Nh6 15. Bf4 Kh8 16. Qe3 Ng8 17. Kg2 e6 18. Rac1 Qd7 19. h4 Rac8 20. h5 Rxc1 21. Rxc1 Rc8 22. Rh1 Ne7 23. Bh6 Bxh6 24. Qxh6 Ng8 25. Qf4 Kg7 26. g5 d4 27. Rh4 Rc2 28. Qxd4 Qxd4 29. h6+ Kf8 30. Rxd4 Ke8 31. Rc4 Rxc4 32. dxc4 Kd7 33. Nd4 Ne7 34. Kf3 Kc7 35. Ke4 Kb6 36. b4 Kc7 37. a3 Kd7 38. Nb3 Nf5 39. Nc5+ Kc6 40. Kd3 Nh4 41. f4 Ng2 42. Ke4 Ne1 43. Ke3 Nc2+ 44. Kd3 Ne1+ 45. Ke2 Ng2 46. Kf3 Ne1+ 47. Kf2 Nc2 48. Ne4 Kd7 49. Nf6+ Ke7 50. Nxh7 Nxa3 51. Nf6 Kf8 1-0

[Event "FISU World University-ch 2020"]
[Site "Online"]
[Date "2020.10.26"]
[Round "6.5"]
[White "Lewicki, Miroslaw"]
[Black "Albornoz Cabrera, Carlos Daniel"]
[Result "1/2-1/2"]
[WhiteElo "2348"]
[BlackElo "2573"]
[Annotator "TA"]
[PlyCount "80"]
[EventDate "2020.10.26"]
[SourceTitle "playchess.com"]
[Source "ChessBase"]
[SourceQuality "1"]

1. e4 c5 2. Nf3 d6 3. d4 cxd4 4. Nxd4 Nf6 5. Nc3 a6 6. Be2 e5 7. Nb3 Be7 8. O-O O-O 9. Be3 Be6 10. Kh1 Nbd7 11. Qd2 b5 12. f3 Qc7 13. a4 b4 14. Nd5 Bxd5 15. exd5 Nb6 16. Bxb6 Qxb6 17. a5 Qb7 18. Rfd1 Nh5 19. Bc4 Nf4 20. Qe1 h5 21. g3 Ng6 22. Ra4 Rfb8 23. Nc1 h4 24. Nd3 hxg3 25. hxg3 Qc8 26. b3 Qh3+ 27. Kg1 Bh4 28. gxh4 Nxh4 29. Qe2 Nxf3+ 30. Kf2 Nd4 31. Qe3 Qh2+ 32. Kf1 Nf5 33. Qf3 Ng3+ 34. Ke1 e4 35. Qf2 Qh4 36. Qf4 Qh2 37. Qf2 Qh4 38. Qf4 Qh2 39. Qf2 Qh4 40. Qf4 Qh2 1/2-1/2

[Event "FISU World University-ch 2020"]
[Site "Online"]
[Date "2020.10.26"]
[Round "6.6"]
[White "Roshka, Yevgeniy"]
[Black "Felix Soto, Alfredo"]
[Result "1-0"]
[WhiteElo "2476"]
[BlackElo "2075"]
[Annotator "ChessBase"]
[PlyCount "41"]
[EventDate "2020.10.26"]
[SourceTitle "playchess.com"]
[Source "ChessBase"]
[SourceQuality "1"]

1. d4 d5 2. c4 dxc4 3. e3 Nf6 4. Bxc4 e6 5. Nf3 c5 6. O-O Nc6 7. a3 cxd4 8. exd4 Be7 9. Nc3 O-O 10. Re1 b6 11. d5 Na5 12. Ba2 Nxd5 13. Nxd5 exd5 14. Qxd5 Bb7 15. Qh5 g6 16. Qg4 Bd5 17. Bxd5 Qxd5 18. Rxe7 Nb3 19. Rb1 f5 20. Qh4 Rf7 21. Bh6 1-0

[Event "FISU World University-ch 2020"]
[Site "Online"]
[Date "2020.10.26"]
[Round "6.6"]
[White "Osmak, Iulija"]
[Black "Baltazar Ibanez, Diego"]
[Result "1-0"]
[WhiteElo "2438"]
[BlackElo "2054"]
[Annotator "TA"]
[PlyCount "171"]
[EventDate "2020.10.26"]
[SourceTitle "playchess.com"]
[Source "ChessBase"]
[SourceQuality "1"]

1. d4 Nf6 2. c4 g6 3. Nc3 Bg7 4. e4 d6 5. Be2 O-O 6. Be3 e5 7. d5 a5 8. g4 Ne8 9. h4 h6 10. Qd2 Kh7 11. h5 g5 12. f3 Na6 13. Nh3 Bd7 14. Nf2 Nc5 15. b3 b6 16. Bd1 Qb8 17. Bc2 Bf6 18. O-O Kg7 19. Rfb1 Ra7 20. a3 Qa8 21. Qd1 Be7 22. b4 Nb7 23. Nd3 Nf6 24. Kg2 Rb8 25. Ba4 Bxa4 26. Nxa4 Nd7 27. Nc3 Rc8 28. Rc1 Ra6 29. Ne2 f6 30. Ng3 Bf8 31. Qg1 Kh7 32. Ne2 Kg7 33. Qd1 Kh7 34. Rcb1 Kg7 35. Qc1 Kf7 36. Qb2 Be7 37. Nc3 Rb8 38. Ra2 Ke8 39. Rba1 Kf7 40. Qc2 Rd8 41. Qb3 Kg7 42. Rc1 Rc8 43. Rcc2 Rb8 44. Na4 Bf8 45. Bf2 Be7 46. Rcb2 Bf8 47. c5 dxc5 48. bxc5 Nbxc5 49. Bxc5 bxc5 50. Qc4 Ra7 51. Naxc5 Nxc5 52. Nxc5 Bd6 53. a4 Kf7 54. Rb5 Rxb5 55. Qxb5 Bxc5 56. Qxc5 Qb7 57. Rc2 Qb6 58. Qxb6 cxb6 59. Kf2 Rb7 60. Rb2 Ke7 61. Ke3 Kd7 62. Kd3 Rb8 63. Rb3 Rb7 64. Kc4 Rb8 65. Kb5 Rc8 66. Ra3 Rc5+ 67. Kxb6 Kd6 68. Rb3 Rc8 69. Kxa5 Ra8+ 70. Kb4 Rb8+ 71. Ka3 Rc8 72. a5 Rc1 73. Ka4 Kc5 74. a6 Ra1+ 75. Ra3 Rb1 76. Rc3+ Kd4 77. Rc6 Ke3 78. Rxf6 Kd4 79. Rxh6 Rf1 80. Rf6 Kc5 81. Rc6+ Kd4 82. h6 Rxf3 83. h7 Rf8 84. a7 Ra8 85. Kb5 Kxe4 86. d6 1-0

[Event "FISU World University-ch 2020"]
[Site "Online"]
[Date "2020.10.26"]
[Round "6.6"]
[White "Osmak, Iulija"]
[Black "Baltazar Ibanez, Diego"]
[Result "*"]
[WhiteElo "2438"]
[BlackElo "2054"]
[Annotator "TA"]
[PlyCount "94"]
[EventDate "2020.10.26"]
[SourceTitle "playchess.com"]
[Source "ChessBase"]
[SourceQuality "1"]

1. d4 Nf6 2. c4 g6 3. Nc3 Bg7 4. e4 d6 5. Be2 O-O 6. Be3 e5 7. d5 a5 8. g4 Ne8 9. h4 h6 10. Qd2 Kh7 11. h5 g5 12. f3 Na6 13. Nh3 Bd7 14. Nf2 Nc5 15. b3 b6 16. Bd1 Qb8 17. Bc2 Bf6 18. O-O Kg7 19. Rfb1 Ra7 20. a3 Qa8 21. Qd1 Be7 22. b4 Nb7 23. Nd3 Nf6 24. Kg2 Rb8 25. Ba4 Bxa4 26. Nxa4 Nd7 27. Nc3 Rc8 28. Rc1 Ra6 29. Ne2 f6 30. Ng3 Bf8 31. Qg1 Kh7 32. Ne2 Kg7 33. Qd1 Kh7 34. Rcb1 Kg7 35. Qc1 Kf7 36. Qb2 Be7 37. Nc3 Rb8 38. Ra2 Ke8 39. Rba1 Kf7 40. Qc2 Rd8 41. Qb3 Kg7 42. Rc1 Rc8 43. Rcc2 Rb8 44. Na4 Bf8 45. Bf2 Be7 46. Rcb2 Bf8 47. c5 Nbxc5 *

[Event "FISU World University-ch 2020"]
[Site "Online"]
[Date "2020.10.26"]
[Round "6.6"]
[White "Velo Arredondo, Alonso"]
[Black "Bakhmatsky, Vladislav"]
[Result "0-1"]
[WhiteElo "2068"]
[BlackElo "2438"]
[Annotator "TA"]
[PlyCount "108"]
[EventDate "2020.10.26"]
[SourceTitle "playchess.com"]
[Source "ChessBase"]
[SourceQuality "1"]

1. e4 c5 2. Nf3 d6 3. c3 Nf6 4. h3 Nc6 5. Bd3 d5 6. e5 Nd7 7. e6 fxe6 8. Ng5 Nf6 9. Nxh7 Nxh7 10. Qh5+ Kd7 11. Bxh7 b6 12. Qg6 Ba6 13. Qc2 Qc7 14. Bd3 Qe5+ 15. Kf1 Qf5 16. c4 Bxc4 17. Qxc4 dxc4 18. Bxf5 exf5 19. Na3 Na5 20. Ke2 e5 21. d3 cxd3+ 22. Kxd3 Be7 23. Bd2 e4+ 24. Ke2 Nc6 25. Rhd1 Nd4+ 26. Kf1 Ke6 27. Bc3 Bf6 28. Bxd4 Bxd4 29. Nb5 Be5 30. Rd2 a6 31. Na3 Rad8 32. Rad1 Rxd2 33. Rxd2 b5 34. Rc2 c4 35. Nb1 Rd8 36. Ke2 Rd3 37. Nd2 Kd5 38. f3 e3 39. Nf1 f4 40. g3 fxg3 41. Nxe3+ Rxe3+ 42. Kxe3 Bd4+ 43. Kf4 Bf2 44. Rd2+ Kc6 45. Re2 g2 46. Rxf2 g1=Q 47. Re2 b4 48. Re6+ Kd5 49. Re5+ Kd6 50. Rg5 Qxg5+ 51. Kxg5 c3 52. bxc3 bxc3 53. Kg6 c2 54. Kxg7 c1=Q 0-1

[Event "FISU World University-ch 2020"]
[Site "Online"]
[Date "2020.10.26"]
[Round "6.6"]
[White "Torres Rosas, Rita Rosalia"]
[Black "Martynkova, Olena"]
[Result "1/2-1/2"]
[WhiteElo "1859"]
[BlackElo "2222"]
[Annotator "TA"]
[PlyCount "103"]
[EventDate "2020.10.26"]
[SourceTitle "playchess.com"]
[Source "ChessBase"]
[SourceQuality "1"]

1. d4 Nf6 2. c4 g6 3. Nc3 Bg7 4. e4 d6 5. Be2 O-O 6. Nf3 e5 7. O-O Nc6 8. d5 Ne7 9. Ne1 Nd7 10. Nd3 f5 11. Bd2 Nf6 12. f3 f4 13. Rc1 g5 14. c5 Ng6 15. Nb5 Rf7 16. Ba5 b6 17. cxd6 bxa5 18. dxc7 Qf8 19. Nc5 a6 20. Ne6 Qe7 21. Nxg7 Kxg7 22. d6 Qd7 23. Na3 Ra7 24. Qd2 Ne8 25. Rfd1 Rf6 26. Nc4 Rb7 27. Qxa5 Rb5 28. Qd2 Nf8 29. a4 Rb3 30. Qd5 Qe6 31. Nxe5 Qxd5 32. Rxd5 Rxd6 33. Nc4 Rxd5 34. exd5 Nf6 35. d6 Ne6 36. Ne5 Nd4 37. Bf1 Rxb2 38. d7 Nxd7 39. Nxd7 Bxd7 40. c8=Q Bxc8 41. Rxc8 a5 42. Rc7+ Kf6 43. Ra7 Nb3 44. Rxh7 Ra2 45. Bb5 Ra1+ 46. Kf2 Ra2+ 47. Kf1 Ra1+ 48. Kf2 Ra2+ 49. Kf1 Ra1+ 50. Kf2 Ra2+ 51. Kf1 Ra1+ 52. Kf2 1/2-1/2

[Event "FISU World University-ch 2020"]
[Site "Online"]
[Date "2020.10.26"]
[Round "6.7"]
[White "Sliwicka, Alicja"]
[Black "Wang, Zihao"]
[Result "1/2-1/2"]
[WhiteElo "2311"]
[BlackElo "1811"]
[Annotator "TA"]
[PlyCount "83"]
[EventDate "2020.10.26"]
[SourceTitle "playchess.com"]
[Source "ChessBase"]
[SourceQuality "1"]

1. e4 c5 2. Nf3 d6 3. d4 cxd4 4. Nxd4 Nf6 5. f3 a6 6. c4 Nc6 7. Nc3 Nxd4 8. Qxd4 g6 9. Be3 Bg7 10. Qd2 O-O 11. Be2 Qa5 12. Rb1 Be6 13. a3 Rac8 14. Nd5 Qxd2+ 15. Kxd2 Nxd5 16. exd5 Bf5 17. Bd3 Bxd3 18. Kxd3 e6 19. dxe6 fxe6 20. b4 b5 21. c5 Rfd8 22. Ke2 dxc5 23. Bxc5 Bd4 24. Rhd1 Bxc5 25. Rxd8+ Rxd8 26. bxc5 Rc8 27. Rc1 Kf7 28. f4 h5 29. Ke3 a5 30. Kd4 Rd8+ 31. Kc3 Rc8 32. Kb3 Ke7 33. a4 bxa4+ 34. Kxa4 Rb8 35. c6 Kd6 36. Kxa5 Ra8+ 37. Kb6 Rb8+ 38. Ka5 Ra8+ 39. Kb5 Rb8+ 40. Kc4 Kxc6 41. Kd4+ Kd6 42. Rc2 1/2-1/2

[Event "FISU World University-ch 2020"]
[Site "Online"]
[Date "2020.10.26"]
[Round "6.7"]
[White "Kokoszczynski, Jan"]
[Black "Pang, Tao"]
[Result "0-1"]
[WhiteElo "2221"]
[BlackElo "2427"]
[Annotator "TA"]
[PlyCount "126"]
[EventDate "2020.10.26"]
[SourceTitle "playchess.com"]
[Source "ChessBase"]
[SourceQuality "1"]

1. d4 d5 2. c4 e6 3. Nc3 Be7 4. Nf3 Nf6 5. Bf4 O-O 6. Rc1 b6 7. e3 Bb7 8. cxd5 Nxd5 9. Bg3 c5 10. Bd3 cxd4 11. Nxd4 Nxc3 12. bxc3 Nd7 13. O-O Nc5 14. Bb1 Ne4 15. Qd3 g6 16. Bf4 Qd5 17. f3 Nc5 18. Qe2 Na4 19. Be4 Qd7 20. Bxb7 Qxb7 21. Nb5 Rad8 22. c4 a6 23. Nd4 Bf6 24. Bh6 Rfe8 25. Qc2 Nc5 26. Rfd1 Qc7 27. Nb3 Be5 28. g3 Na4 29. Bg5 Rxd1+ 30. Rxd1 Nc3 31. Rd3 Qxc4 32. Kg2 b5 33. Nd2 Qc8 34. Bf4 Bg7 35. e4 Ne2 36. Qxc8 Nxf4+ 37. gxf4 Rxc8 38. Kg3 Rc2 39. Rd8+ Bf8 40. Nb3 Rxa2 41. e5 Kg7 42. Nd2 b4 43. Ne4 a5 44. Rb8 a4 45. Rb7 h6 46. Nf6 g5 47. fxg5 hxg5 48. Ne8+ Kg6 49. Nf6 Bg7 50. Nd7 b3 51. h4 gxh4+ 52. Kxh4 Rd2 53. Nc5 b2 54. Ne4 Rh2+ 55. Kg3 Bxe5+ 56. f4 Re2 57. Kf3 Rxe4 58. Kxe4 a3 59. fxe5 a2 60. Rxb2 a1=Q 61. Rg2+ Kh7 62. Rh2+ Kg7 63. Rg2+ Kf8 0-1

[Event "FISU World University-ch 2020"]
[Site "Online"]
[Date "2020.10.26"]
[Round "6.7"]
[White "Lin, Peisen"]
[Black "Chylewski, Patryk"]
[Result "0-1"]
[WhiteElo "1965"]
[BlackElo "2330"]
[Annotator "TA"]
[PlyCount "110"]
[EventDate "2020.10.26"]
[SourceTitle "playchess.com"]
[Source "ChessBase"]
[SourceQuality "1"]

1. e4 c5 2. Nf3 e6 3. d4 cxd4 4. Nxd4 Nc6 5. Nc3 Qc7 6. g3 a6 7. Bg2 Nf6 8. O-O h5 9. Re1 Nxd4 10. Qxd4 Bc5 11. Bf4 d6 12. Qd2 Ng4 13. Nd1 Ne5 14. b3 Bd7 15. Be3 h4 16. Bxc5 Qxc5 17. Ne3 hxg3 18. hxg3 Rd8 19. Rad1 Bc6 20. Qd4 Qxd4 21. Rxd4 Ke7 22. c4 Nd7 23. Red1 Nf6 24. f4 g6 25. e5 dxe5 26. fxe5 Nd7 27. Bxc6 bxc6 28. Ng4 Nc5 29. Kg2 Ne4 30. Rxd8 Rxd8 31. Rxd8 Kxd8 32. b4 Nc3 33. a3 Nb1 34. a4 Nc3 35. b5 cxb5 36. cxb5 axb5 37. axb5 Nxb5 38. Kf3 Nc3 39. Nh6 Ke8 40. Kf4 Kf8 41. g4 Nd5+ 42. Ke4 g5 43. Nf5 exf5+ 44. Kxf5 Ke7 45. Kxg5 Ke6 46. Kh6 Kxe5 47. g5 Ne7 48. Kg7 Ke6 49. Kh7 Ng6 50. Kg7 Ke7 51. Kh7 Kf8 52. Kh6 Kg8 53. Kh5 Kg7 54. Kg4 Ne7 55. Kh5 Nc6 0-1

[Event "FISU World University-ch 2020"]
[Site "Online"]
[Date "2020.10.26"]
[Round "6.7"]
[White "Chen, Jinghua"]
[Black "Kiolbasa, Oliwia"]
[Result "0-1"]
[WhiteElo "1690"]
[BlackElo "2260"]
[Annotator "TA"]
[PlyCount "48"]
[EventDate "2020.10.26"]
[SourceTitle "playchess.com"]
[Source "ChessBase"]
[SourceQuality "1"]

1. e4 e5 2. Nf3 Nc6 3. Bb5 a6 4. Bxc6 dxc6 5. O-O f6 6. d4 exd4 7. Nxd4 c5 8. Nb3 Qxd1 9. Rxd1 Bg4 10. f3 Be6 11. Be3 c4 12. Nc5 Bc8 13. Nc3 Ne7 14. Nd5 Nxd5 15. exd5 Kf7 16. a4 b6 17. Ne4 Bb7 18. d6 Bxe4 19. fxe4 Bxd6 20. Bxb6 Rhe8 21. Rd4 Be5 22. Rd7+ Ke6 23. Bxc7 Kxd7 24. Bxe5 Rxe5 0-1

[Event "FISU World University-ch 2020"]
[Site "Online"]
[Date "2020.10.26"]
[Round "6.8"]
[White "Serikbay, Assel"]
[Black "Gaviria, Andres Felipe"]
[Result "1-0"]
[WhiteElo "2247"]
[BlackElo "2065"]
[Annotator "TA"]
[PlyCount "89"]
[EventDate "2020.10.26"]
[SourceTitle "playchess.com"]
[Source "ChessBase"]
[SourceQuality "1"]

1. d4 Nf6 2. c4 e6 3. g3 d5 4. Nf3 Be7 5. Bg2 O-O 6. O-O c5 7. cxd5 exd5 8. dxc5 Bxc5 9. Nc3 Nc6 10. Bf4 Be6 11. Rc1 Bd6 12. Bg5 Be7 13. Nb5 Qb6 14. Nbd4 Rfe8 15. b3 Ne4 16. Nxe6 fxe6 17. Be3 Qa5 18. Nd4 Nxd4 19. Bxd4 Nd6 20. Bh3 Bg5 21. Rc2 Nb5 22. Bb2 Qb6 23. a4 Nd6 24. Qd3 Ne4 25. Bd4 Qd6 26. Bg2 e5 27. Bb2 Nf6 28. Qb5 Re7 29. Rd1 Rd8 30. a5 a6 31. Qa4 Rc7 32. Ba3 Qd7 33. Rxc7 Qxc7 34. Bxd5+ Nxd5 35. Rxd5 h6 36. Rc5 Qd6 37. Qc4+ Kh8 38. Bb2 Bf6 39. Kg2 Kh7 40. Qe4+ Kh8 41. b4 b6 42. Rc6 Qd1 43. Bxe5 Re8 44. Rxf6 Rxe5 45. Rf8# 1-0

[Event "FISU World University-ch 2020"]
[Site "Online"]
[Date "2020.10.26"]
[Round "6.8"]
[White "Serikbay, Assel"]
[Black "Gaviria, Andres Felipe"]
[Result "*"]
[WhiteElo "2247"]
[BlackElo "2065"]
[Annotator "ChessBase"]
[PlyCount "64"]
[EventDate "2020.10.26"]
[SourceTitle "playchess.com"]
[Source "ChessBase"]
[SourceQuality "1"]

1. d4 Nf6 2. c4 e6 3. g3 d5 4. Nf3 Be7 5. Bg2 O-O 6. O-O c5 7. cxd5 exd5 8. dxc5 Bxc5 9. Nc3 Nc6 10. Bf4 Be6 11. Rc1 Bd6 12. Bg5 Be7 13. Nb5 Qb6 14. Nbd4 Rfe8 15. b3 Ne4 16. Nxe6 fxe6 17. Be3 Qa5 18. Nd4 Nxd4 19. Bxd4 Nd6 20. Bh3 Bg5 21. Rc2 Nb5 22. Bb2 Qb6 23. a4 Nd6 24. Qd3 Ne4 25. Bd4 Qd6 26. Bg2 e5 27. Bb2 Nf6 28. Qb5 Re7 29. Rd1 Rd8 30. a5 a6 31. Qa4 Rc7 32. Ba3 d4 *